| 000 | 01612nam0a22003011 4500 | ||
|---|---|---|---|
| 001 | rc\3603875 | ||
| 005 | 20130115143230.8 | ||
| 021 |
_aRU _b70-91575 |
||
| 021 |
_aRU _bРг8078-71 |
||
| 035 | _a(NLR Aleph) 007708797 | ||
| 090 |
_a6827532 _c6827532 |
||
| 100 | _a20130115d1970 |||y0rusy50 ca | ||
| 101 | 0 | _arus | |
| 102 | _aRU | ||
| 105 | _aa z ||||| | ||
| 200 | 1 |
_aМикроскопический анализ минералов и горных пород _eУчеб. пособие по разделам курса "Минералогия и петрография" для студентов специальностей "Хим. технология вяжущих материалов", "Хим. технология керамики и огнеупоров", "Хим. технология стекла и ситаллов" _fМВССО УССР. Укр. заоч. политехн. ин-т. Кафедра физ. и коллоидной химии |
|
| 210 |
_aХарьков _cБ. и. _d1970 |
||
| 215 |
_a101 с. _cил. _d20 |
||
| 300 | _aНа обороте тит. л. сост.: канд. геол.-минерал. наук, доц. К.А. Поправко, А.Н. Зверев | ||
| 320 | _aБиблиогр.: с. 98 | ||
| 700 | 1 |
_aПоправко _bК. А. _4220 |
|
| 701 | 1 |
_aЗверев _bА. Н. _4220 |
|
| 712 | 0 | 2 |
_aУкраинский заочный политехнический институт им. И. З. Соколова _cХарьков _3RU\NLR\AUTH\8812559 |
| 801 | 0 |
_aRU _bNLR _gpsbo |
|
| 801 | 1 |
_aRU _bELAR _2rusmarc |
|
| 852 |
_aNLR _j71-3/4589 |
||
| 942 | _cBOOK | ||
| 980 | _aNB | ||